1810 1933 1185 1639 1261 1549 1649 1274 1871 1043 1742 1637 1211 1090 1539 1197 1900 1597 1303 1351 1504 1256 1026 1224 1331 1723 1530 1277 1557 1035 1580 1445 1362 1564 1278 1230 1816 1935 1016 1741 1426 1421 1824 1698 1065 1476 1966 1125 1963 1995 1605 1022 1711 1264 1115 1075 1468 1498 1194 1671 1930 1906 1067 1223 1720 1271 1443 1745 1251 1882 1013 1909 1453 1773 1602 1907 1591 1427 1843 1689 1869 1887 1253 1466 1641 1871 1305 1135 1185 1405 1352 1319 1124 1601 1396 1530 1249 1576 1048 BCNSPRNW ULIB Ver.6.0+V

เปลี่ยนเป็นภาษาไทย

Change to English
 แสดงรายละเอียดบรรณานุกรม
  กลับหน้าหลัก

Brief Record : Get Marc (ISO 2709) : E-mail record : QR code < ปิดหน้าต่าง
LEADER : 00000nam 2200000uu 4500
001    13399108461
003     ULIB
008    110304s2547||||th 000 0 tha d
020    9749717341
060 04 WY152^bส236ก 2547
100 0  สมจินต์ เพชรพันธุ์ศรี
245 10 การพยาบาลเพื่อการฟื้นฟูสภาพ :^bประยุกต์ใช้ในผู้สูงอายุ /^cสมจินต์ เพชรพันธุ์ศรี, ถนอมขวัญ ทวีบูรณ์
250     พิมพ์ครั้งที่ 1
260     กรุงเทพฯ :^bศุภวนิชการพิมพ์,^c2547
300     126 หน้า ;^c30 ซม.
650  7 การพยาบาลเวชศาสตร์วัยชรา
650  7 การฟื้นฟูสมรรถภาพ
650  7 ผู้สูงอายุ
700 0  ถนอมขวัญ ทวีบูรณ์
945    ^p200^l0^i021330
945    ^p200^l0^i021329
945    ^p200^l0^i021327
945    ^p200^l0^i017956
945    ^p200^l0^i021328
995     ทศพร
999 ^a ใช้งานได้ทุกระบบ
รายการนี้ยังไม่มีแท็ก
คุณยังไม่ได้ล็อกอิน คุณสามารถมีกิจกรรมร่วมกับเว็บไซต์ได้ แต่ต้องล็อกอินก่อน ::
  ล็อกอิน

รายการสื่อสารสนเทศ

ลำดับที่ ประเภท เลขเรียก/บาร์โค้ด สถานที่ สถานะ
- ไม่พบข้อมูล -

รายการใกล้เคียง
    ผู้แต่ง [สมจินต์ เพชรพันธุ์ศรี]

    หัวเรื่อง [การพยาบาลเวชศาสตร์วัยชรา]
    หัวเรื่อง [การฟื้นฟูสมรรถภาพ]
    หัวเรื่อง [ผู้สูงอายุ]

BibComment


ยังไม่เคยถูกคอมเมนท์

คอมเมนท์ทรัพยากรรายการนี้
  คอมเมนท์: การพยาบาลเพื่อการ..


 Copyright 2026. Bcnsprnw @Library